Quizzes
Events
Quiz Creation
Community
Videos
Private Events
Remove Ads
Sign In
Join for FREE
Feedback
Dark Mode
Quiz Categories
Sports
Geography
Music
Movies
Television
Just For Fun
Miscellaneous
History
Literature
Language
Science
Gaming
Entertainment
Religion
Holiday
For Kids
Quiz Lab
Recent
Popular Today
Quiz Kudos Today
Editor Picks
Curator Picks
Quizzes by...
Day
Popularity
Type
Ratings
Length
Year
Community
Subscriptions
Recent Discussions
Orange Saloon
Badges
Playlists
Quests
Create
Leaderboards
Showdown
Live 5
Trivia Bingo
Activity
Puzzle Library
Sporcle Events
Private Events
Virtual Trivia
Globe League
Become a Host
Pub Owners
SporcleCon
Opinionation
Our Games
Videos
Blog
Mobile Apps
Partnerships
Remove Ads and Go Orange
Feedback
Entertainment
Celebrity
Famous
Musical
Broadway
Show
Quote
Comic Books
Anime
Superhero
DC Comics
Marvel
Cartoons
Animation
Entertainment
Celebrity
Famous
Musical
Broadway
Show
Quote
Comic Books
Anime
Superhero
DC Comics
Marvel
Cartoons
Animation
Random Quiz
Search Sporcle
×
Quiz Lab
Quiz Lab
Entertainment
2011
Type in answers that appear in a list
Type in answers that appear in a list
Classic
Best Score? Go Orange.
Top 20 Most Subscribed YouTube Users January, 2011 Stats
Can you name the Top 20 Most Subscribed YouTube Users In January, 2011?
By
Bball12914
5m
20 Questions
482 Plays
482 Plays
482 Plays
Comments
Comments
Give Quiz Kudos
Give Quiz Kudos
-
- Ratings
hide this ad
More Info
Replay
Link that replays current quiz
Next Quiz
Link to next quiz in quiz playlist
You Got
0%
They Got
Avg Score
32%
Avg Friend Score
Upgrade to see
Score Distribution
Jump to the score distribution portion of the page
Score
0/20
Timer
05:00
0
Plays Today
Channel Name
% Correct
nigahiga
76.8%
smosh
74.9%
fred
67.2%
raywilliamjohnson
66%
shanedawsontv
53.1%
shanedawsontv2
33.6%
machinima
31.7%
kevjumba
31.3%
sxephil
29.9%
mysteryguitarman
25.7%
Channel Name
% Correct
collegehumor
21.2%
realannoyingorange
21%
whatthebuckshow
18.7%
kassemg
17.2%
davedays
17%
michellephan
16.4%
failblog
16%
universalmusicgroup
13.9%
barelypolitical
11.6%
thestation
9.1%
Quiz Playlist
Details
Report
Send in Message
Add To Playlist
More Info:
These are the top 20 most subscribed YouTube channels starting in January of 2011. (Data most likely is inaccurate as of now).
Classic:
Type in answers that appear in a list
Last Updated: Feb 16, 2017
Quiz Scoreboard
CHALLENGE
Sign Up to Join the Scoreboard
Show All
Scores
Hide
Comments
May contain spoilers
Recently Published
Billboard Blitz: Fleetwood Mac
by CooCooCachoo
Music
15s
Presidents Visiting Landmarks
by Hejman
History
7m
An Introduction to Baseball
by treessimontrees
Sports
5m
More to Explore
Quiz From the Vault
Featured Blog Post
Where Did the Easter Bunny Come From?
hide this ad
You Might Also Like...
Tags
2011
Most Subscribed
Subscribed
Top 20
User
Youtube
Today's Top Quizzes in Entertainment
Browse Entertainment
hide this ad
Today's Top Quizzes in 2011
Browse 2011
Top Contributed Quizzes in Entertainment
1
7-to-1: DC Comics Villains
2
Marvel Characters Bunker
3
Eurovision 2023 Logic Puzzle
4
Dragon Ball Z: Goku's Fights in Order
5
Kamen Rider Motifs
6
Criteria Quickie: Cartoon Taxonomy II
7
Sorting Pictures: Villains
8
Fictional Villains Letter U Blitz
9
Mini Trivia Sudoku: Musicals
10
Dragon Ball Z: Mega Character Search
Explore More
Trending Topics
Disney
Kpop
Anime
NBA
Harry Potter
Crossword
Marvel
Country
WWE
Song
NFL
The Office
Soccer
Puzzle
Pokémon
hide this ad
More By:
Bball12914
Quiz
Plays
Rating
Category
Featured
Created
Muse Songs By 5 Second Clip
1,011
4.00
Music
Sep 12, 2011
***Name The Lyrics To The Muse Song***
804
3.20
Music
Jan 9, 2012
Top 20 Most Subscribed YouTube Users January, 2011
482
2.75
Entertainment
Jan 2, 2011
Non-City-Named Big 4 Sports Teams
233
2.88
Sports
Mar 6, 2011
Countries with One Type of Vowel
81
4.25
Geography
Mar 5, 2011
Go to Creator's Profile
Score Distribution
Quiz Creator Spotlight
Bball12914
Follow
Send a Message
Quizzes Created
-
Created Quiz Play Count
-
More By This Creator
Popular Quizzes Today
1
Find the US States - No Outlines Minefield
2
Find the Countries of Europe - No Outlines Minefield
3
The Countries of the World
4
Find the US States
5
Risky Map Clicking: Biggest States A-Z
6
US States
7
Popular People in 1961
8
Movies - When Are They Set?
More Entertainment Quizzes
5 by 5 Famous Names II
Published
Trending Quizzes
Risky Map Clicking: Least Populous States A-Z
1-10 Letter G Words
1-10 Letter F Words
Risky Map Clicking: Next State Alphabetically
Risky Map Clicking: Biggest States A-Z
Recently Updated
Leaping Animals
pecheneg
Reality TV Shows (A-Z)
bhenderson79
Rickey Henderson's Hall of Fame Teammates
pecheneg
Champions League XIs: Arsenal
pecheneg
Quick Pick: Celebrities in WWE's Hall of Fame
aduchscher
A-Z Keypad Blitz II
pecheneg
Multiple Oscar Actors
pecheneg
Mystery Phrase Blitz: Oscar 'Best Actors'
pecheneg
F. Scott Fitzgerald Novels
LTH
Pick 3 Villains
ddd62291
Trending Topics
Kpop
Marvel
Crossword
NBA
Anime
Disney
Harry Potter
WWE
Soccer
NFL
Puzzle
Country
Pokémon
Song
The Office
Your Account Isn't Verified!
In order to create a playlist on Sporcle, you need to verify the email address you used during registration. Go to your
Sporcle Settings
to finish the process.
Report this User
Report this user for behavior that violates our
Community Guidelines
.
Details:
Send Report
Go to the Sporcle.com Mobile Site →
Comments